2011 UK industry performance report based on the UK construction industry key performance indicators KPI (Record no. 112460)

MARC details
000 -LEADER
fixed length control field 01070cad a22002175a 4500
001 - CONTROL NUMBER
control field L153306
008 - FIXED-LENGTH DATA ELEMENTS--GENERAL INFORMATION
fixed length control field 110708s2011 xxk f 000 0 eng d
035 ## - SYSTEM CONTROL NUMBER
System control number (Sirsi) u153306
041 0# - LANGUAGE CODE
Language code of text/sound track or separate title eng
110 2# - MAIN ENTRY--CORPORATE NAME
Corporate name or jurisdiction name as entry element Constructing Excellence in the Built Environment
9 (RLIN) 4925
245 00 - TITLE STATEMENT
Title 2011 UK industry performance report based on the UK construction industry key performance indicators KPI
Medium [electronic resource]
250 ## - EDITION STATEMENT
Edition statement 13th ed.
260 ## - PUBLICATION, DISTRIBUTION, ETC.
Place of publication, distribution, etc. London
Name of publisher, distributor, etc. Constructing Excellence in the Built Environment
Date of publication, distribution, etc. 2011
520 ## - SUMMARY, ETC.
Summary, etc. This report provides an overview of the construction industry's performance and contains trend data for economic performance, people performance and environmental performance, as well as for housing, consultants and M&E contractors.
590 ## - LOCAL NOTE (RLIN)
Local note KA NTK
651 #4 - SUBJECT ADDED ENTRY--GEOGRAPHIC NAME
Geographic name United Kingdom
Chronological subdivision
690 ## - LOCAL SUBJECT ADDED ENTRY--TOPICAL TERM (OCLC, RLIN)
Topical term or geographic name as entry element BUILT ENVIRONMENT-CONSTRUCTION MANAGEMENT
710 1# - ADDED ENTRY--CORPORATE NAME
Corporate name or jurisdiction name as entry element Emap Glenigan
9 (RLIN) 4719
856 40 - ELECTRONIC LOCATION AND ACCESS
Uniform Resource Identifier <a href="https://www.constructingexcellence.org.uk/pdf/KPI_Report_2011.pdf">https://www.constructingexcellence.org.uk/pdf/KPI_Report_2011.pdf</a>
Public note View this item free of charge at www.constructingexcellence.org.uk
942 ## - ADDED ENTRY ELEMENTS (KOHA)
Suppress in OPAC 0
Holdings
Withdrawn status Lost status Source of classification or shelving scheme Damaged status Not for loan Home library Current library Shelving location Date acquired Total Checkouts Full call number Barcode Date last seen Copy number Price effective from Koha item type
    Dewey Decimal Classification     Virtual Virtual Online 08/07/2011   ONLINE PUBLICATION 153306-2001 06/08/2019 1 06/08/2019 Book